[Event "GER-chT U14 Girls"]
[Site "Neumuenster"]
[Date "2018.12.28"]
[Round "3.2"]
[White "Gutmann, Anna"]
[Black "Irrgang, Natascha"]
[Result "1-0"]
[WhiteElo "1499"]
[BlackElo "1164"]
[PlyCount "119"]
[EventDate "2018.12.27"]
[EventType "team-swiss"]
[EventRounds "7"]
[EventCountry "GER"]
[SourceTitle "CBM 188 Extra"]
[Source "ChessBase"]
[SourceDate "2019.02.26"]
[SourceVersion "1"]
[SourceVersionDate "2019.02.26"]
[SourceQuality "1"]
[WhiteTeam "Weisse Dame"]
[BlackTeam "Hofheim"]
[WhiteTeamCountry "GER"]
[BlackTeamCountry "GER"]

1. e4 e5 2. Nf3 Nc6 3. d4 exd4 4. Nxd4 Bc5 5. Nb3 Be7 6. Nc3 Nf6 7. a3 d6 8. Be2 Be6 9. Be3 d5 10. Bf3 Ne5 11. exd5 Nxf3+ 12. Qxf3 Bg4 13. Qf4 Bh5 14. Qa4+ Qd7 15. Qxd7+ Nxd7 16. Nb5 Kd8 17. f3 Re8 18. Kf2 a6 19. Nc3 Bg6 20. Rac1 f6 21. Na5 b6 22. Nc6+ Kc8 23. Rhe1 Kb7 24. Bxb6 Bxa3 25. bxa3 Nxb6 26. Nb4 Rxe1 27. Kxe1 Rd8 28. Rd1 Rd7 29. Ne4 Na4 30. Kf1 Kb6 31. Nc6 Bf7 32. c4 Kb7 33. Rb1+ Nb6 34. Nc5+ Kc8 35. Nxd7 Kxd7 36. Rc1 g5 37. g4 h6 38. h3 Kc8 39. Kf2 Nd7 40. Ke3 Nc5 41. Rb1 Kd7 42. Rb8 Ne6 43. dxe6+ Kxe6 44. Nd8+ Ke7 45. Nxf7 Kxf7 46. Rb7 Ke6 47. Rxc7 Kd6 48. Rh7 Ke5 49. Rxh6 Kd6 50. Rxf6+ Kc5 51. Rxa6 Kxc4 52. Rb6 Kc5 53. Rb1 Kd5 54. a4 Kc5 55. a5 Kd5 56. a6 Kc5 57. a7 Kd5 58. a8Q+ Kc5 59. Qd8 Kc4 60. Qd4# 1-0

[Event "Sachsen-ch U10 Girls"]
[Site "Sebnitz"]
[Date "2013.04.05"]
[Round "5"]
[White "Bui, Ngoc Han Julia"]
[Black "Gutmann, Anna"]
[Result "1-0"]
[WhiteElo "948"]
[BlackElo "814"]
[PlyCount "53"]
[EventDate "2013.04.02"]
[EventType "swiss"]
[EventRounds "7"]
[EventCountry "GER"]
[SourceTitle "EXT 2014"]
[Source "ChessBase"]
[SourceDate "2013.11.20"]
[SourceVersion "1"]
[SourceVersionDate "2013.11.20"]
[SourceQuality "1"]

1. e4 c5 2. Nf3 d6 3. d4 cxd4 4. Nxd4 Nf6 5. f3 g6 6. Nc3 Bg7 7. Be3 0-0 8. Qd2 Nc6 9. 0-0-0 Nxd4 10. Bxd4 Be6 11. g4 a6 12. h4 b5 13. Kb1 Rc8 14. h5 b4 15. Ne2 Qa5 16. Nc1 d5 17. e5 Ne8 18. hxg6 fxg6 19. Qh2 Rxf3 20. Qxh7+ Kf7 21. Rh6 Rc6 22. Qxg6+ Kg8 23. Qxe8+ Bf8 24. Qxc6 Bxh6 25. Qxe6+ Rf7 26. Qxh6 e6 27. Bd3 1-0